Costos empresariales Manejo financiero y gerencial /

Bibliographic Details
Main Author: Castelblanco, Omar Eduardo
Format: eBook
Language:Spanish
Published: Bogot:̀ ECOE, 2019
Subjects:
Online Access:Acceso restringido

MARC

LEADER 00000nam a22000007a 4500
005 20220210231043.0
007 cr|||| ||||
008 220210s2019 co |||||s|||| 00||0 spa d
020 |a 978-958-771-822-5 
035 |a 35799 
040 |a vLex 
090 |c 12947  |d 12947 
100 1 |a Castelblanco, Omar Eduardo 
245 1 0 |a Costos empresariales  |h [Recurso electrn̤ico] :  |b Manejo financiero y gerencial /  |c Omar Eduardo Castelblanco 
256 |a Servicio en ln̕ea 
260 |a Bogot:̀  |b ECOE,  |c 2019 
300 |a 1 recurso electrn̤ico 
500 |a En el contexto financiero de las PYMES existen serias dificultades para identificar, agrupar, calcular y asignar los costos a los productos y servicios; esto impide adoptar decisiones para: a) estructurar un sistema de costeo que permita obtener el precio unitario en el portafolio, y b) ejecutar planes de mejora continua para el control y seguimiento, convirtiendo los egresos en productividad. En un lenguaje sencillo, prc̀tico y concreto, esta obra interpreta las necesidades de las empresas para utilizar eficientemente los recursos disponibles y facilitar la identificacin̤ de costos en cualquier entidad. La gerencia requiere de informacin̤ puntual para decidir sobre sus costos y rendimientos econm̤icos, razn̤ por la cual se define y determina la relevancia de los egresos, y se establecen los parm̀etros para costear en cualquier clase de entidad, poniendo especial ňfasis en los servicios y presentando ejercicios con casos de aplicacin̤ objetiva e inmediata. Dirigido a estudiantes y profesionales de Contadura̕, Finanzas, Administracin̤ e Ingeniera̕ y personas vinculadas al campo empresarial. 
506 1 |a Disponible solo en los productos indicados  |d vLex Global  |d vLex Global (Academic Edition, excluding Law Schools)  |d vLex Global (U.S. Academic Edition, Law Schools)  |d vLex Global (U.S. Academic Edition, excluding Law Schools)  |d vLex Global (Academic Edition, Law Schools) 
650 0 4 |a Contabilidad  |z Colombia 
650 0 4 |a Banca y finanzas  |z Colombia 
740 0 |a vLex Libros (Servicio en ln̕ea) 
856 4 0 |u https://app.vlex.com/#/sources/35799  |z Acceso restringido 
942 |c BOOK 
999 0 |a Accounting 
999 0 |a Banking and finance